[Event "Oberpfalz-ch M2"]
[Site "Bad Koetzting"]
[Date "2018.03.27"]
[Round "7"]
[White "Pilhoefer, Lukas"]
[Black "Froehlich, Manuel"]
[Result "1-0"]
[WhiteElo "1576"]
[BlackElo "1676"]
[PlyCount "89"]
[EventDate "2018.03.24"]
[EventType "swiss"]
[EventRounds "8"]
[EventCountry "GER"]
[SourceTitle "EXT 2020"]
[Source "ChessBase"]
[SourceDate "2019.10.17"]
[SourceVersion "1"]
[SourceVersionDate "2019.10.17"]
[SourceQuality "1"]

1. e4 c5 2. a3 e6 3. b4 cxb4 4. axb4 Bxb4 5. c3 Be7 6. d4 d5 7. e5 Nc6 8. Bd3 Bd7 9. Ne2 a6 10. 0-0 b5 11. Be3 Qb6 12. Nd2 b4 13. c4 a5 14. Qb3 a4 15. Rxa4 Na5 16. c5 Qc7 17. Qxb4 Bxa4 18. Qxa4+ Kf8 19. Nb3 Bd8 20. Bd2 Nxb3 21. Qxa8 Nxd2 22. Ra1 Ne7 23. Ra7 Qc8 24. Qxc8 Nxc8 25. Ra8 g6 26. Rxc8 Kg7 27. Nc3 Ba5 28. Rxh8 Kxh8 29. c6 Nb3 30. Nb5 Nc1 31. Bc2 Kg7 32. Kf1 Na2 33. c7 Bxc7 34. Nxc7 Nb4 35. Ba4 Kf8 36. Ke2 Ke7 37. Kd2 Kd8 38. Ne8 Na6 39. Kc3 h5 40. Bb5 Nb8 41. h4 Ke7 42. Nf6 Kd8 43. Kb4 Kc7 44. Kc5 Kb7 45. Nd7 1-0

[Event "Oberpfalz-ch M2"]
[Site "Bad Koetzting"]
[Date "2018.03.26"]
[Round "5"]
[White "Askri, Samir"]
[Black "Froehlich, Manuel"]
[Result "1-0"]
[WhiteElo "1756"]
[BlackElo "1676"]
[PlyCount "81"]
[EventDate "2018.03.24"]
[EventType "swiss"]
[EventRounds "8"]
[EventCountry "GER"]
[SourceTitle "EXT 2020"]
[Source "ChessBase"]
[SourceDate "2019.10.17"]
[SourceVersion "1"]
[SourceVersionDate "2019.10.17"]
[SourceQuality "1"]

1. d4 c5 2. d5 e6 3. c4 Nf6 4. Nc3 exd5 5. cxd5 Bd6 6. e4 Qe7 7. Bd3 Bc7 8. Nf3 a6 9. a4 d6 10. 0-0 Bg4 11. Qb3 Ba5 12. Nd2 Ra7 13. f3 Bh5 14. Nc4 Bc7 15. a5 Nbd7 16. Bf4 0-0 17. Na4 Bg6 18. Nab6 Nh5 19. Bd2 Bxb6 20. axb6 Raa8 21. Rae1 Ne5 22. Nxe5 Qxe5 23. f4 Qd4+ 24. Be3 c4 25. Bxd4 cxb3 26. f5 Ng3 27. hxg3 Bh5 28. Rf4 f6 29. Rc1 Rfc8 30. Rc7 a5 31. Bb5 a4 32. g4 Be8 33. Bxe8 Rxe8 34. g5 a3 35. bxa3 Rxa3 36. gxf6 gxf6 37. Rg4+ Kf8 38. Rgg7 Rea8 39. Rxh7 Ra1+ 40. Kh2 Kg8 41. Bxf6 1-0

[Event "Oberpfalz-ch M2"]
[Site "Bad Koetzting"]
[Date "2018.03.25"]
[Round "4"]
[White "Froehlich, Manuel"]
[Black "Kaltschmidt, Andreas"]
[Result "1/2-1/2"]
[WhiteElo "1676"]
[BlackElo "1677"]
[PlyCount "48"]
[EventDate "2018.03.24"]
[EventType "swiss"]
[EventRounds "8"]
[EventCountry "GER"]
[SourceTitle "EXT 2020"]
[Source "ChessBase"]
[SourceDate "2019.10.17"]
[SourceVersion "1"]
[SourceVersionDate "2019.10.17"]
[SourceQuality "1"]

1. d4 Nf6 2. c4 e6 3. Nc3 Bb4 4. Bd2 0-0 5. a3 Bxc3 6. Bxc3 d5 7. e3 b6 8. Nf3 Nbd7 9. cxd5 Nxd5 10. Rc1 Nxc3 11. Rxc3 c5 12. Bd3 Bb7 13. 0-0 Qf6 14. Qc2 h6 15. Be4 Rab8 16. Bxb7 Rxb7 17. Qb3 Rc7 18. d5 exd5 19. Qxd5 Qc6 20. Qxc6 Rxc6 21. Rd3 Nf6 22. Rfd1 Rcc8 23. Nh4 g6 24. f3 Kg7 1/2-1/2

[Event "Oberpfalz-ch M2"]
[Site "Windischeschenbach"]
[Date "2017.04.11"]
[Round "7"]
[White "Froehlich, Manuel"]
[Black "Brunner, Tobias"]
[Result "1/2-1/2"]
[WhiteElo "1673"]
[BlackElo "1737"]
[PlyCount "27"]
[EventDate "2017.04.08"]
[EventType "swiss"]
[EventRounds "8"]
[EventCountry "GER"]
[SourceTitle "EXT 2020"]
[Source "ChessBase"]
[SourceDate "2019.10.17"]
[SourceVersion "1"]
[SourceVersionDate "2019.10.17"]
[SourceQuality "1"]

1. d4 f5 2. h3 b6 3. Nf3 Bb7 4. c4 Nf6 5. Nc3 e6 6. a3 a5 7. Bf4 Be7 8. e3 0-0 9. Rc1 d6 10. Ng5 Qc8 11. d5 e5 12. Bh2 Nxd5 13. cxd5 Bxg5 14. Nb5 1/2-1/2

[Event "Nittenau-ch 16th"]
[Site "Nittenau"]
[Date "2016.09.18"]
[Round "4"]
[White "Gruber, Johannes"]
[Black "Froehlich, Manuel"]
[Result "1/2-1/2"]
[WhiteElo "1882"]
[BlackElo "1673"]
[PlyCount "72"]
[EventDate "2016.09.16"]
[EventType "swiss"]
[EventRounds "5"]
[EventCountry "GER"]
[SourceTitle "EXT 2022"]
[Source "ChessBase"]
[SourceDate "2021.10.06"]
[SourceVersion "1"]
[SourceVersionDate "2021.10.06"]
[SourceQuality "1"]

1. e4 c5 2. Nc3 d6 3. f4 Nc6 4. Nf3 a6 5. Be2 g6 6. 0-0 Bg7 7. d3 e6 8. Qe1 Nd4 9. Nxd4 Bxd4+ 10. Kh1 b5 11. Bd1 Ne7 12. f5 exf5 13. exf5 Bxf5 14. Nd5 Be5 15. Bg5 f6 16. Nxf6+ Bxf6 17. Bxf6 Rf8 18. Qh4 Rf7 19. Bf3 d5 20. Rae1 Ra7 21. Re5 Qd6 22. Bxe7 Qxe5 23. Bxc5 Rae7 24. d4 Qe6 25. Qg3 Rb7 26. Re1 Be4 27. Kg1 Kd8 28. Bxe4 dxe4 29. Qe3 Qf5 30. h3 Rf6 31. Qxe4 Qxe4 32. Rxe4 Rbf7 33. c3 Rf1+ 34. Kh2 R1f2 35. Ba3 Rd2 36. Rg4 Rff2 1/2-1/2

[Event "Nittenau-ch 16th"]
[Site "Nittenau"]
[Date "2016.09.17"]
[Round "3"]
[White "Froehlich, Manuel"]
[Black "Mandl, Timo"]
[Result "1-0"]
[WhiteElo "1673"]
[BlackElo "1034"]
[PlyCount "41"]
[EventDate "2016.09.16"]
[EventType "swiss"]
[EventRounds "5"]
[EventCountry "GER"]
[SourceTitle "EXT 2022"]
[Source "ChessBase"]
[SourceDate "2021.10.06"]
[SourceVersion "1"]
[SourceVersionDate "2021.10.06"]
[SourceQuality "1"]

1. d4 d5 2. c4 e6 3. Nc3 Nf6 4. Bg5 Nc6 5. Nf3 Bb4 6. e3 h6 7. Bh4 g5 8. Bg3 Ne4 9. Qb3 h5 10. h3 Nxg3 11. fxg3 Bd7 12. cxd5 Bxc3+ 13. bxc3 Na5 14. Qa3 b6 15. dxe6 Bxe6 16. Ne5 f6 17. Bb5+ Bd7 18. Bxd7+ Qxd7 19. Nxd7 Kxd7 20. 0-0 Nc4 21. Qa4+ 1-0

[Event "Plzen op 7th"]
[Site "Plzen"]
[Date "2015.11.24"]
[Round "3"]
[White "Ilandzis, Spyridon"]
[Black "Froehlich, Manuel"]
[Result "1-0"]
[WhiteElo "2173"]
[BlackElo "1675"]
[PlyCount "75"]
[EventDate "2015.11.22"]
[EventType "swiss"]
[EventRounds "7"]
[EventCountry "CZE"]
[SourceTitle "CBM 169 Extra"]
[Source "ChessBase"]
[SourceDate "2015.12.18"]
[SourceVersion "1"]
[SourceVersionDate "2015.12.18"]
[SourceQuality "1"]

1. b3 d5 2. Bb2 c5 3. e3 Bf5 4. Nf3 a6 5. Be2 Nc6 6. 0-0 e6 7. d4 Nf6 8. Nh4 Bg6 9. Nd2 cxd4 10. exd4 Qc7 11. Nxg6 hxg6 12. g3 Bd6 13. c4 b6 14. Rc1 Qd7 15. Qc2 Ne7 16. c5 Bc7 17. b4 b5 18. Rfe1 Nc6 19. a4 Rb8 20. axb5 axb5 21. Qb3 Rh7 22. Ra1 Ke7 23. Bd3 Rbh8 24. Nf3 Rh3 25. Bxb5 Ng4 26. Ra6 Bxg3 27. fxg3 Qc7 28. Rxc6 Rxg3+ 29. Kf1 Rxf3+ 30. Qxf3 Nxh2+ 31. Ke2 Qb8 32. Rb6 Qc7 33. Qe3 Ng4 34. Qg5+ Nf6 35. Rd6 Kf8 36. Kd1 Rh5 37. Qg3 Ne4 38. Rxe6 1-0

[Event "Plzen op 7th"]
[Site "Plzen"]
[Date "2015.11.22"]
[Round "1"]
[White "Eret, Jonas"]
[Black "Froehlich, Manuel"]
[Result "1/2-1/2"]
[WhiteElo "2098"]
[BlackElo "1675"]
[PlyCount "138"]
[EventDate "2015.11.22"]
[EventType "swiss"]
[EventRounds "7"]
[EventCountry "CZE"]
[SourceTitle "CBM 169 Extra"]
[Source "ChessBase"]
[SourceDate "2015.12.18"]
[SourceVersion "1"]
[SourceVersionDate "2015.12.18"]
[SourceQuality "1"]

1. e4 c5 2. Nf3 d6 3. b3 Nc6 4. Bb2 e5 5. c3 Nf6 6. d3 Be7 7. Nbd2 Bg4 8. Be2 a6 9. 0-0 b5 10. d4 cxd4 11. cxd4 Rc8 12. d5 Bxf3 13. Nxf3 Nb8 14. Bd3 0-0 15. Qe2 Qb6 16. b4 Rc7 17. Bc1 Rfc8 18. Be3 Qb7 19. g3 Nbd7 20. a4 Rb8 21. axb5 axb5 22. Ra5 Qc8 23. Bd2 Rcb7 24. Rxb5 Rxb5 25. Bxb5 Nf8 26. Rc1 Qg4 27. Bd3 Ng6 28. Kh1 Bd8 29. Rc6 Qd7 30. Ne1 Ne7 31. Ra6 Ng4 32. h3 Nf6 33. Kg2 Qb7 34. Nc2 Ne8 35. Be3 f5 36. f3 fxe4 37. fxe4 Nc8 38. Ra1 Bb6 39. Bg5 h6 40. Bd2 Nf6 41. Rf1 Qe7 42. b5 Bc5 43. Be3 Bxe3 44. Nxe3 g6 45. Rb1 Nb6 46. Rc1 Na4 47. Ng4 Kg7 48. Rc6 Nc5 49. Nxf6 Qxf6 50. b6 Rf8 51. Rc7+ Kg8 52. Bc2 Rb8 53. Rc6 Rf8 54. Rc7 Rb8 55. Qe3 Rf8 56. Qe2 Rb8 57. Rc6 Rf8 58. h4 h5 59. Bb1 Rf7 60. Rc7 Kg7 61. Rxf7+ Qxf7 62. Qb5 Qe7 63. Qc6 Kf7 64. Bc2 Qd7 65. Ba4 Qg4 66. Qe8+ Kg7 67. Qe7+ Kg8 68. Qe8+ Kg7 69. Qe7+ Kg8 1/2-1/2

[Event "Nittenau-ch op 15th"]
[Site "Nittenau"]
[Date "2015.09.18"]
[Round "1"]
[White "Kammer, Fabian"]
[Black "Froehlich, Manuel"]
[Result "0-1"]
[WhiteElo "804"]
[BlackElo "1675"]
[PlyCount "56"]
[EventDate "2015.09.18"]
[EventType "swiss"]
[EventRounds "5"]
[EventCountry "GER"]
[SourceTitle "EXT 2017"]
[Source "ChessBase"]
[SourceDate "2016.10.25"]
[SourceVersion "1"]
[SourceVersionDate "2016.10.25"]
[SourceQuality "1"]

1. e4 c5 2. Bc4 e6 3. Nf3 Nc6 4. Nc3 a6 5. 0-0 b5 6. Be2 Qc7 7. d3 Nf6 8. Bg5 Be7 9. Re1 0-0 10. Qd2 d5 11. exd5 Nxd5 12. Nxd5 exd5 13. Bxe7 Nxe7 14. h3 Bf5 15. Bd1 Nc6 16. d4 c4 17. Ne5 Rfe8 18. Nxc6 Rxe1+ 19. Qxe1 Qxc6 20. c3 Re8 21. Be2 Bd3 22. Qd2 Rxe2 23. Qd1 Qf6 24. f3 Qg5 25. Qf1 Rxb2 26. Re1 Kf8 27. f4 Qg3 28. Re3 Qxe3+ 0-1

[Event "Oberpfalz-ch M2"]
[Site "Schwandorf"]
[Date "2015.03.31"]
[Round "7"]
[White "Froehlich, Manuel"]
[Black "Haeusler, Florian"]
[Result "1/2-1/2"]
[WhiteElo "1630"]
[BlackElo "1553"]
[PlyCount "45"]
[EventDate "2015.03.28"]
[EventType "swiss"]
[EventRounds "8"]
[EventCountry "GER"]
[SourceTitle "EXT 2022"]
[Source "ChessBase"]
[SourceDate "2021.10.06"]
[SourceVersion "1"]
[SourceVersionDate "2021.10.06"]
[SourceQuality "1"]

1. d4 Nf6 2. c4 g6 3. Nc3 d5 4. Bf4 c6 5. e3 Bg7 6. Nf3 0-0 7. a3 a5 8. Rc1 Bf5 9. Qb3 Qc8 10. cxd5 cxd5 11. Be2 Be6 12. 0-0 Nc6 13. Na4 Nd7 14. Nc5 Nxc5 15. Rxc5 Qd7 16. Qb6 Rfc8 17. Bb5 f6 18. Rfc1 Bf5 19. Bxc6 Rxc6 20. Rxc6 bxc6 21. Rxc6 a4 22. Rc5 Bf8 23. Rc3 1/2-1/2

[Event "Oberpfalz-ch M2"]
[Site "Schwandorf"]
[Date "2015.03.29"]
[Round "3"]
[White "Froehlich, Manuel"]
[Black "Betz, Michael"]
[Result "0-1"]
[WhiteElo "1630"]
[BlackElo "1792"]
[PlyCount "42"]
[EventDate "2015.03.28"]
[EventType "swiss"]
[EventRounds "8"]
[EventCountry "GER"]
[SourceTitle "EXT 2022"]
[Source "ChessBase"]
[SourceDate "2021.10.06"]
[SourceVersion "1"]
[SourceVersionDate "2021.10.06"]
[SourceQuality "1"]

1. d4 d5 2. c4 c6 3. Bf4 dxc4 4. e3 b5 5. a4 Nf6 6. Nc3 b4 7. Na2 Qd5 8. f3 a5 9. Ne2 Ba6 10. e4 Qd7 11. Rc1 c3 12. bxc3 Bc4 13. Nxb4 axb4 14. cxb4 Bxe2 15. Bxe2 e5 16. Bxe5 Bxb4+ 17. Kf1 0-0 18. Qc2 Qa7 19. Bd1 Nfd7 20. Rb1 Nxe5 21. Rxb4 Na6 0-1

[Event "Oberpfalz-ch M2"]
[Site "Schwandorf"]
[Date "2015.03.28"]
[Round "1"]
[White "Schmidt, Johann1111"]
[Black "Froehlich, Manuel"]
[Result "0-1"]
[WhiteElo "1791"]
[BlackElo "1630"]
[PlyCount "64"]
[EventDate "2015.03.28"]
[EventType "swiss"]
[EventRounds "8"]
[EventCountry "GER"]
[SourceTitle "EXT 2022"]
[Source "ChessBase"]
[SourceDate "2021.10.06"]
[SourceVersion "1"]
[SourceVersionDate "2021.10.06"]
[SourceQuality "1"]

1. d4 c5 2. dxc5 e6 3. c4 Bxc5 4. Nc3 Nf6 5. Nf3 Nc6 6. a3 a6 7. b4 Be7 8. e4 d6 9. Be2 0-0 10. 0-0 b6 11. Bg5 Bb7 12. Qd3 Qc7 13. Rfd1 Rfd8 14. Qe3 Ng4 15. Qf4 Nge5 16. Bxe7 Qxe7 17. Nd4 Rac8 18. Qe3 Qc7 19. Na4 Nxd4 20. Rxd4 Bc6 21. b5 Bb7 22. Rad1 axb5 23. cxb5 d5 24. f4 Nd7 25. exd5 Bxd5 26. f5 Qc2 27. fxe6 fxe6 28. Bf3 Re8 29. Bxd5 exd5 30. Qg5 Re4 31. Qg3 Rf8 32. Nxb6 Nxb6 0-1

[Event "Plzen op 5th"]
[Site "Plzen"]
[Date "2013.11.29"]
[Round "6"]
[White "Voith, Walter"]
[Black "Froehlich, Manuel"]
[Result "1/2-1/2"]
[WhiteElo "1677"]
[BlackElo "1727"]
[PlyCount "86"]
[EventDate "2013.11.24"]
[EventType "swiss"]
[EventRounds "7"]
[EventCountry "CZE"]
[SourceTitle "CBM 157 Extra"]
[Source "ChessBase"]
[SourceDate "2013.12.19"]
[SourceVersion "1"]
[SourceVersionDate "2013.12.19"]
[SourceQuality "1"]

1. e4 c5 2. Nf3 d6 3. g3 Nc6 4. Bg2 Nf6 5. d3 Bg4 6. Nbd2 e6 7. 0-0 a6 8. h3 Bh5 9. a4 Be7 10. Re1 0-0 11. g4 Nxg4 12. hxg4 Bxg4 13. c3 f5 14. Qb3 fxe4 15. dxe4 Na5 16. Qd1 Bg5 17. Nf1 Bxc1 18. Rxc1 Nc4 19. b3 Ne5 20. N1h2 Bh5 21. Re3 Rf4 22. Qe1 Nxf3+ 23. Nxf3 Qf6 24. Nd2 Rf8 25. f3 Qg5 26. Qe2 Bxf3 27. Nxf3 Rxf3 28. Re1 Rxe3 29. Qxe3 Qxe3+ 30. Rxe3 e5 31. Bf1 a5 32. Bc4+ Kh8 33. Kg2 b6 34. Bd5 Rf6 35. Rf3 Rf4 36. Rxf4 exf4 37. Kf3 g5 38. Kg4 h6 39. Kh5 Kg7 40. Be6 Kh7 41. Bf5+ Kg7 42. Kg4 Kf6 43. Bh7 Kg7 1/2-1/2

[Event "Oberpfalz-ch M2"]
[Site "Kareth Lappersdorf"]
[Date "2008.03.18"]
[Round "8"]
[White "Froehlich, Manuel"]
[Black "Frey, Michael"]
[Result "0-1"]
[WhiteElo "1361"]
[BlackElo "1630"]
[PlyCount "102"]
[EventDate "2008.03.15"]
[EventType "swiss"]
[EventRounds "8"]
[EventCountry "GER"]
[SourceTitle "EXT 2022"]
[Source "ChessBase"]
[SourceDate "2021.10.06"]
[SourceVersion "1"]
[SourceVersionDate "2021.10.06"]
[SourceQuality "1"]

1. d4 Nf6 2. Nc3 d5 3. e4 dxe4 4. f3 e6 5. fxe4 Bb4 6. Bd3 h6 7. Nge2 Nc6 8. a3 Ba5 9. b4 Bb6 10. e5 Nd5 11. Bb2 Ne3 12. Qd2 Nxg2+ 13. Kf1 Nh4 14. Bb5 Nf3 15. Bxc6+ bxc6 16. Qf4 Ng5 17. h4 Nh7 18. Ne4 Ba6 19. c3 Qd5 20. N4g3 0-0-0 21. a4 f6 22. exf6 Nxf6 23. Ke1 Nh5 24. Qe4 Bxe2 25. Qxd5 cxd5 26. Nxe2 c6 27. Kd2 Rhf8 28. Rhf1 Bc7 29. Ba3 Bd6 30. Ke3 Rxf1 31. Rxf1 Rf8 32. Rxf8+ Bxf8 33. Bc1 Be7 34. Nf4 Bxh4 35. Ke2 Nxf4+ 36. Bxf4 Bf6 37. Bd6 a6 38. Ke3 Kd7 39. Bg3 Ke7 40. Kd3 g5 41. Ke3 h5 42. Kf3 Kf7 43. Bf2 Kg6 44. Bg3 Kf5 45. Bh2 g4+ 46. Ke3 Bg5+ 47. Kd3 h4 48. c4 dxc4+ 49. Kxc4 Be7 50. Kd3 g3 51. Bg1 h3 0-1

[Event "Oberpfalz-ch M2"]
[Site "Kareth Lappersdorf"]
[Date "2008.03.17"]
[Round "6"]
[White "Froehlich, Manuel"]
[Black "Schwarzfischer, Walter"]
[Result "1-0"]
[WhiteElo "1361"]
[BlackElo "1551"]
[PlyCount "135"]
[EventDate "2008.03.15"]
[EventType "swiss"]
[EventRounds "8"]
[EventCountry "GER"]
[SourceTitle "EXT 2022"]
[Source "ChessBase"]
[SourceDate "2021.10.06"]
[SourceVersion "1"]
[SourceVersionDate "2021.10.06"]
[SourceQuality "1"]

1. d4 Nf6 2. Nc3 d5 3. e4 c6 4. e5 Ng8 5. f4 e6 6. Nf3 c5 7. Be3 cxd4 8. Nxd4 a6 9. Qd2 Bb4 10. a3 Qa5 11. Nb3 Bxc3 12. bxc3 Qc7 13. Bc5 Nc6 14. c4 Nge7 15. Bd6 Qd8 16. cxd5 Nxd5 17. c4 Nde7 18. c5 0-0 19. Rd1 Re8 20. Qf2 Nd5 21. Bc4 Nde7 22. Rd3 Nf5 23. 0-0 Qh4 24. Qxh4 Nxh4 25. g4 Ng6 26. Rh3 Nge7 27. Bd3 g6 28. Rhf3 Kg7 29. h4 Rh8 30. h5 Rg8 31. Rg3 Kh8 32. hxg6 hxg6 33. Bxe7 Nxe7 34. Nd4 Bd7 35. Kh2 Nc6 36. Nf3 Kg7 37. Ng5 Rh8+ 38. Kg2 Ne7 39. f5 Bc6+ 40. Be4 Bxe4+ 41. Nxe4 Nc6 42. fxe6 fxe6 43. Rb1 Rh4 44. Rxb7+ Kh8 45. Nf6 Ra7 46. Rxa7 Nxa7 47. Rb3 Nc6 48. Rh3 Rxh3 49. Kxh3 Nxe5 50. Ne8 Kg8 51. Nc7 a5 52. Nxe6 Kf7 53. Nd4 Nc4 54. c6 g5 55. c7 Nb6 56. Nb3 Ke7 57. Nxa5 Kd7 58. Kg3 Kxc7 59. Kf3 Kd6 60. Ke4 Ke6 61. Nb3 Na4 62. Nd4+ Kf6 63. Ne2 Ke6 64. Kd4 Kd6 65. Nc3 Nb6 66. Ne4+ Ke6 67. Nxg5+ Kf6 68. Ne4+ 1-0

[Event "Oberpfalz-ch M2"]
[Site "Kareth Lappersdorf"]
[Date "2008.03.17"]
[Round "5"]
[White "Weszka, Peter"]
[Black "Froehlich, Manuel"]
[Result "1-0"]
[WhiteElo "1666"]
[BlackElo "1361"]
[PlyCount "31"]
[EventDate "2008.03.15"]
[EventType "swiss"]
[EventRounds "8"]
[EventCountry "GER"]
[SourceTitle "EXT 2022"]
[Source "ChessBase"]
[SourceDate "2021.10.06"]
[SourceVersion "1"]
[SourceVersionDate "2021.10.06"]
[SourceQuality "1"]

1. d4 c5 2. e3 e6 3. Nf3 Nf6 4. c4 b6 5. Bd3 Bb7 6. Nc3 d5 7. cxd5 Nxd5 8. Ne5 Nxc3 9. bxc3 Bxg2 10. Bb5+ Ke7 11. Rg1 Bb7 12. Qh5 g6 13. Qh4+ g5 14. Qh5 Qc7 15. Qxf7+ Kd6 16. Nc4+ 1-0

[Event "Oberpfalz-ch M3"]
[Site "Windischeschenbach"]
[Date "2007.04.03"]
[Round "8"]
[White "Forster, Stephan"]
[Black "Froehlich, Manuel"]
[Result "0-1"]
[WhiteElo "1448"]
[BlackElo "1248"]
[PlyCount "44"]
[EventDate "2007.03.31"]
[EventType "swiss"]
[EventRounds "8"]
[EventCountry "GER"]
[SourceTitle "EXT 2022"]
[Source "ChessBase"]
[SourceDate "2021.10.06"]
[SourceVersion "1"]
[SourceVersionDate "2021.10.06"]
[SourceQuality "1"]

1. e4 c5 2. Nc3 Nc6 3. f4 e6 4. Nf3 a6 5. Be2 b5 6. a3 Bb7 7. 0-0 Nge7 8. d3 d5 9. exd5 exd5 10. g4 g6 11. f5 gxf5 12. gxf5 Nxf5 13. Qe1 Rg8+ 14. Kh1 Nce7 15. Qf2 Qc7 16. d4 cxd4 17. Nxb5 axb5 18. Bxb5+ Bc6 19. Bd3 Rg7 20. Rg1 Ne3 21. Bxe3 dxe3 22. Qxe3 d4 0-1

[Event "Oberpfalz-ch M3"]
[Site "Windischeschenbach"]
[Date "2007.04.02"]
[Round "6"]
[White "Dziallas, Stefan"]
[Black "Froehlich, Manuel"]
[Result "1/2-1/2"]
[WhiteElo "1566"]
[BlackElo "1248"]
[PlyCount "36"]
[EventDate "2007.03.31"]
[EventType "swiss"]
[EventRounds "8"]
[EventCountry "GER"]
[SourceTitle "EXT 2022"]
[Source "ChessBase"]
[SourceDate "2021.10.06"]
[SourceVersion "1"]
[SourceVersionDate "2021.10.06"]
[SourceQuality "1"]

1. e4 c5 2. Nf3 Nc6 3. g3 a6 4. Bg2 Rb8 5. d3 b5 6. 0-0 d6 7. h3 g6 8. Nc3 e6 9. Ne2 Bg7 10. Nh2 Nge7 11. f4 0-0 12. Kh1 Bb7 13. g4 f5 14. c3 d5 15. e5 d4 16. Nf3 fxg4 17. hxg4 Qd7 18. Qc2 Rfd8 1/2-1/2

[Event "Oberpfalz-ch M3"]
[Site "Windischeschenbach"]
[Date "2007.03.31"]
[Round "2"]
[White "Klemp, Soeren"]
[Black "Froehlich, Manuel"]
[Result "1/2-1/2"]
[WhiteElo "1438"]
[BlackElo "1248"]
[PlyCount "68"]
[EventDate "2007.03.31"]
[EventType "swiss"]
[EventRounds "8"]
[EventCountry "GER"]
[SourceTitle "EXT 2022"]
[Source "ChessBase"]
[SourceDate "2021.10.06"]
[SourceVersion "1"]
[SourceVersionDate "2021.10.06"]
[SourceQuality "1"]

1. e4 c5 2. c3 Nc6 3. d4 cxd4 4. cxd4 e6 5. Nf3 Nge7 6. Nc3 d5 7. Bd3 a6 8. Bf4 b5 9. 0-0 f6 10. a3 g5 11. Be3 Bg7 12. Qc2 Bb7 13. exd5 exd5 14. Bxh7 Qd6 15. h3 b4 16. Bg6+ Kf8 17. Ne2 Rc8 18. Qd3 Qe6 19. Ng3 Nxg6 20. Qxg6 Ne7 21. Nxg5 Qg8 22. Qd3 fxg5 23. Bxg5 Qf7 24. Rfe1 Bf6 25. Bxf6 Qxf6 26. Re3 Qg6 27. Rf3+ Kg8 28. Nf5 Nxf5 29. Rg3 Qxg3 30. fxg3 Rf8 31. axb4 Rh7 32. b5 axb5 33. Qxb5 Nxd4 34. Qd3 Nf5 1/2-1/2